000 00960nam a2200265Ia 4500
003 OSt
005 20221005103254.0
006 a|||||r|||| 00| 0
007 ta
008 221004b |||||||| |||| 00| 0 hin d
020 _a8188075450 (hbk)
_c600
024 _a88421
037 _b463, 25/03/2008, Swaraj Prakashan
_cTextual
040 _aCRL
_cCRL
_bhin
041 _2hin
_ahin
082 _aP152:3, P4
100 _aअग्रवाल, मुकेश, ले.
245 0 _aहिन्दी भाषा की संरचना
246 _aHindī bhāṣhā kī sanrachanā
260 _aगाजियाबाद
_bके. एल. पचौरी प्रकाशन भारत
_c2004
300 _a246पृ0
_ccm.
650 _aहिन्दी भाषा
942 _hP152:3, P4
_cTEXL
_2cc
999 _c1009753
_d1009753